000 00539nam a22001937a 4500
003 OSt
005 20251121163319.0
008 251121b |||||||| |||| 00| 0 eng d
020 _a1-7412-1978-7.
040 _aDWCL-Main lib.
_cOC
082 _aGR. 641.83 S161 2004
100 _aArgyriou, Ellen
245 _aSalad perfection/
_cEllen Argyriou
260 _aAustralia :
_bHinker Books Pty Ltd.,
_c c2004.
300 _a79 p. :
_bcol. ill.
_c; 28 cm.
504 _aIncludes index.
650 _aSalads.
942 _2ddc
_cGR
_hGR.
_n0
999 _c6031
_d6031